| 000 | 00775nam a2200193 a 4500 | ||
|---|---|---|---|
| 003 | 0 | ||
| 005 | 20250507122131.0 | ||
| 008 | 050809s19uu xx 00 eng d | ||
| 050 |
_aPHS QA 76.76.O63 _b.S55 2005 |
||
| 100 | _aShinozaki, Isamu S. | ||
| 245 |
_aThe Perceptions of Filipino computer users on a possible migration to OSS (Open source software) / _cIsamu S. Shinozaki. |
||
| 260 |
_aLas PiƱas City, Philippines : _bSouthville International School and Colleges, _c2005. |
||
| 300 |
_a34 pages : _billustrations ; _c28 cm. |
||
| 504 | _aIncludes bibliographical references. | ||
| 650 |
_2Library of Congress Subject Headings _aOpen source software _zPhilippines. |
||
| 650 |
_aComputer software _xUser acceptance _zPhilippines. |
||
| 942 |
_2lcc _cPASS |
||
| 999 |
_c97303 _d97303 |
||